000 01044nam a22002537a 4500
005 20090711143934.0
008 090711t xxu||||| |||| 00| 0 hin d
010 _aHIN-91274
020 _c200.00
_a9788128827808
035 _aHN-63620
037 _bDBAD / PUB
040 _aDPL
_bHN
082 _a921
100 _aभोला, रचना यामिनी
_924748
245 _aरैदास वाणी /
_cरचना भोला यामिनी
246 _bby Rachna Bhola Yamini
_aReidas Vani
260 _aनोएडा
_bअंकुर पब्लिकेशंस
_c2010
270 _a231, सेक्टर-15-ए
_bनोएडा
_e201301
300 _a132पृ.
_c22सेमी (सजिल्द)
600 _aगौतम बुद्ध
_924749
600 _aGautam Buddha
_924750
942 _2ddc
_cHN
_mभोलार
_h921
999 _c49126
_d49126